Find the kitten (Record no. 47528)
[ view plain ]
| 000 -LÍDER | |
|---|---|
| campo de controle de tamanho fixo | 00330 a2200145 4500 |
| 001 - NÚMERO DE CONTROLE | |
| campo de controle | 47528 |
| 020 ## - ISBN - INTERNATIONAL STANDARD BOOK NUMBER | |
| ISBN - International Standard Book Number | 9780746086551 |
| 040 ## - FONTE DA CATALOGAÇÃO | |
| Instituição que transcreveu o registro | Anchieta - Aquarius |
| 100 ## - ENTRADA PRINCIPAL--NOME PESSOAL | |
| Nome pessoal | Dobbie, Meg |
| 240 10 - TÍTULO UNIFORME | |
| Título uniforme | Find the kitten |
| Idioma da obra | eng |
| 245 10 - TÍTULO | |
| Título | Find the kitten |
| 300 ## - DESCRIÇÃO FÍSICA | |
| Extensão | 10p, |
| 650 #4 - ASSUNTO--TERMO TÓPICO | |
| Cabeçalho tópico ou nome geográfico | Literatura infanto-juvenil em inglês |
| 942 ## - ELEMENTOS DE ENTRADA ADICIONADOS (KOHA) | |
| Tipo de material Koha | Livros |
| Situação do descarte | Situação das perdas | Situação física | Não pode ser emprestado | Biblioteca de origem | Biblioteca atual | Data de aquisição | Total de empréstimos | Número de chamada completo | Código de barras | Data de último acesso | Data do preço efetivo | Tipo de material Koha |
|---|---|---|---|---|---|---|---|---|---|---|---|---|
| Colégio Anchieta - Aquarius | Colégio Anchieta - Aquarius | 21/11/2023 | 028.573 DOB FIN | 6276/AQU | 21/11/2023 | 21/11/2023 | Livros |